Televisión digital terrestre : (Registro nro. 23904)

Detalles MARC
000 -LEADER
fixed length control field 00942nam a2200241 a 4500
001 - CONTROL NUMBER
control field 000399568
005 - DATE AND TIME OF LATEST TRANSACTION
control field 20250331185238.0
008 - FIXED-LENGTH DATA ELEMENTS--GENERAL INFORMATION
fixed length control field 091007s2008 ck a fr 000 0 spa d
020 ## - INTERNATIONAL STANDARD BOOK NUMBER
International Standard Book Number 9789588511030
040 ## - CATALOGING SOURCE
Original cataloging agency CO-CtgCURN
Language of cataloging spa
Transcribing agency coctgcurn
082 04 - DEWEY DECIMAL CLASSIFICATION NUMBER
Classification number 621.388
Item number A719
Edition information 21
100 1# - MAIN ENTRY--PERSONAL NAME
Personal name Arjona Angarita, Ricardo Javier.
245 10 - TITLE STATEMENT
Title Televisión digital terrestre :
Remainder of title una evaluación de los estándares en el ámbito Colombiano /
Statement of responsibility, etc. Ricardo Javier Arjona Angarita.
260 ## - PUBLICATION, DISTRIBUTION, ETC.
Place of publication, distribution, etc. Barranquilla :
Name of publisher, distributor, etc. Corporación Universitaria de la Costa,
Date of publication, distribution, etc. 2008.
300 ## - PHYSICAL DESCRIPTION
Extent 74 paginas :
Other physical details ilustraciones en color.
504 ## - BIBLIOGRAPHY, ETC. NOTE
Bibliography, etc. note Bibliografía : p.73-74.
650 17 - SUBJECT ADDED ENTRY--TOPICAL TERM
Topical term or geographic name entry element Televisión digital.
Source of heading or term LEMB
650 17 - SUBJECT ADDED ENTRY--TOPICAL TERM
Topical term or geographic name entry element Análisis de mercadeo (Televisión)
Geographic subdivision Colombia.
Source of heading or term LEMB
650 17 - SUBJECT ADDED ENTRY--TOPICAL TERM
Topical term or geographic name entry element Televisión
General subdivision Aspectos políticos.
Source of heading or term LEMB
942 ## - ADDED ENTRY ELEMENTS (KOHA)
Source of classification or shelving scheme Dewey Decimal Classification
Koha item type Libros
Classification part 621.388
Item part A719
Existencias
Withdrawn status Lost status Source of classification or shelving scheme Damaged status Not for loan Collection Home library Current library Shelving location Date acquired Cost, normal purchase price Inventory number Total checkouts Full call number Barcode Date last seen Price effective from Koha item type Public note
    Dewey Decimal Classification     General Miguel Henríquez Castañeda Miguel Henríquez Castañeda General 09/21/2019 45000.00 022842   621.388 A719 022842 03/31/2025 03/31/2025 Libros 620-ING&OP